[Event "14th Dubai Open 2012"]
[Site "Dubai UAE"]
[Date "2012.04.15"]
[Round "1.4"]
[White "Ilhomzoda,I"]
[Black "Sokolov,Ivan"]
[Result "0-1"]
[WhiteElo "2205"]
[BlackElo "2653"]

1.d4 d5 2.Bg5 f6 3.Bh4 Nh6 4.f3 c5 5.dxc5 Nf5 6.Bf2 d4 7.g4 Ne3 8.Bxe3 dxe3
9.Qxd8+ Kxd8 10.Nc3 e5 11.O-O-O+ Bd7 12.g5 f5 13.Rd5 Nc6 14.Bh3 g6 15.f4 exf4
16.Nf3 Ke7 17.Nb5 Bg7 18.a3 Be6 19.Rd6 Bc4 20.Nfd4 Nxd4 21.Nxd4 Rad8 22.Rd1 Bxd4
23.R1xd4 Bxe2 24.Rxf4 Rxd6 25.cxd6+ Kxd6  0-1

[Event "14th Dubai Open 2012"]
[Site "Dubai UAE"]
[Date "2012.04.18"]
[Round "4.16"]
[White "Ramnath,B"]
[Black "Sokolov,Ivan"]
[Result "0-1"]
[WhiteElo "2343"]
[BlackElo "2653"]

1.e4 e5 2.Nf3 Nc6 3.Bc4 Nf6 4.d3 h6 5.O-O d6 6.c3 Qe7 7.b4 g5 8.Nbd2 Bg7
9.Ne1 Bg4 10.f3 Be6 11.Nc2 d5 12.Bb3 O-O-O 13.Qe2 Nh5 14.g3 f5 15.exd5 Bxd5
16.Bxd5 Rxd5 17.Ne3 Nf4 18.Qd1 Qd7 19.gxf4 Rxd3 20.b5 Nb8 21.Nec4 exf4 22.Bb2 Qxb5
23.Qe2 Rhd8 24.Rae1 Nc6 25.Qe6+ Kb8 26.Ba3 Bxc3 27.Rb1 Qd5 28.Qxd5 R8xd5
29.Nb3 a5 30.Kh1 Bb4 31.Bxb4 axb4 32.Rbe1 Rc3 33.Rc1 b5 34.Ncd2 Ne5 35.Kg2 c5
36.Nb1 Rxc1 37.Nxc1 Nc4 38.Re1 Ne3+ 39.Kf2 c4 40.h3 Kb7 41.Rh1 Kb6 42.h4 g4
43.fxg4 fxg4  0-1

[Event "14th Dubai Open 2012"]
[Site "Dubai UAE"]
[Date "2012.04.19"]
[Round "5.9"]
[White "Sokolov,Ivan"]
[Black "Miezis,N"]
[Result "0-1"]
[WhiteElo "2653"]
[BlackElo "2557"]

1.d4 e6 2.c4 Nf6 3.Nc3 Bb4 4.Qc2 c5 5.dxc5 Nc6 6.Nf3 Bxc5 7.Bg5 a6 8.e3 Be7
9.Be2 Qa5 10.O-O h6 11.Bh4 d5 12.Rfd1 dxc4 13.Bxc4 O-O 14.Bb3 Rd8 15.Rxd8+ Nxd8
16.Rd1 Nc6 17.h3 g5 18.Bg3 Bd7 19.Nd2 Nb4 20.Nc4 Qc5 21.Qb1 Bc6 22.Nd6 Kg7
23.a3 Nbd5 24.Nxd5 Bxd5 25.Bxd5 Nxd5 26.Rc1 Qb6 27.Be5+ f6 28.Nc4 Qd8 29.e4 b5
30.exd5 bxc4 31.d6 Bxd6 32.Bxd6 Qxd6 33.Rxc4 Rd8 34.Qe4 f5 35.Qe3 Kf6 36.b4 Qd3
37.Rc6 Qxe3 38.fxe3 a5 39.Rc3 axb4 40.axb4 Rd1+ 41.Kf2 Rb1 42.Rc4 Rb2+ 43.Kf3 h5
44.g4 fxg4+ 45.hxg4 h4 46.Rd4 Rb1 47.Rc4 Rg1 48.Kf2 Rb1 49.Kf3 Rb2 50.Rd4 Rb1
51.Rc4 Re1 52.Kf2 h3 53.Kg3 Rxe3+ 54.Kh2 Ke5 55.Rc5+ Kf4 56.Rc4+ Ke5 57.Rc5+ Kf4
58.Rc4+ Kf3 59.Kxh3 Rb3 60.Rc5 e5 61.b5 Kf4+ 62.Kg2 e4 63.Rc4 Rxb5  0-1

[Event "14th Dubai Open 2012"]
[Site "Dubai UAE"]
[Date "2012.04.21"]
[Round "6.23"]
[White "Sanal,V"]
[Black "Sokolov,Ivan"]
[Result "1/2-1/2"]
[WhiteElo "2286"]
[BlackElo "2653"]

1.e4 e5 2.Nf3 Nc6 3.Bb5 a6 4.Ba4 Nf6 5.O-O Be7 6.Re1 b5 7.Bb3 O-O 8.h3 Bb7
9.d3 d6 10.a3 Kh8 11.Nc3 Ng8 12.Nd5 f5 13.exf5 Rxf5 14.c3 Qd7 15.Be3 Raf8
16.Nd2 Bd8 17.Ne4 Nce7 18.Nxe7 Bxe7 19.Ng3 Qc6 20.f3 R5f6 21.d4 Rg6 22.Kh2 Bh4
23.Bf2 exd4 24.cxd4 Ne7 25.Re4 Bg5 26.Bc2 Rh6 27.Qe2 Nd5 28.Re1 Nf6 29.Nf5 Nxe4
30.Nxh6 Bf4+ 31.Kg1 d5 32.fxe4 Qxh6 33.e5 Bc8 34.e6 Re8 35.Bf5 Qg5 36.Qc2 Bd6
37.h4 Qf6 38.Bh3 g6 39.Qe2 Kg7 40.g3 Re7 41.Kg2 h6 42.b4 Re8 43.Qe3 Qe7 44.Re2 Rf8
45.Be1 g5 46.Bd2 Kg6 47.hxg5 hxg5 48.Bg4 Qf6 49.Re1 Be7 50.Rh1 Kg7 51.Rc1 c6
52.Re1 Bb7 53.Bc1 Bc8 54.Bd2 Kg6 55.Bh3 Kg7 56.Bg4 Kg6 57.Rh1 Kg7 58.Rc1 Bb7
59.Rh1 Bc8 60.Bc1 Bb7 61.Bd2 Bc8 62.Be1 Bb7 63.Bd2 Bd8 64.Re1 Be7 65.Rh1 Bd8  1/2-1/2

[Event "14th Dubai Open 2012"]
[Site "Dubai UAE"]
[Date "2012.04.21"]
[Round "7.24"]
[White "Sokolov,Ivan"]
[Black "Temirov,B"]
[Result "1-0"]
[WhiteElo "2653"]
[BlackElo "2322"]

1.d4 Nf6 2.Nf3 g6 3.c4 Bg7 4.Nc3 O-O 5.Bf4 d6 6.e3 Nc6 7.h3 Nd7 8.d5 Nce5
9.Nd2 Nc5 10.Qc2 a5 11.Be2 Ned7 12.e4 e5 13.Be3 f5 14.exf5 gxf5 15.g4 f4
16.Bxc5 Nxc5 17.Bf3 Qh4 18.Nce4 Nxe4 19.Nxe4 b6 20.a4 Bd7 21.O-O-O Qe7 22.h4 Rac8
23.Ng5 Bf6 24.Be4 h6 25.Nh7 Rf7 26.g5 Bg7 27.g6 Rff8 28.Nxf8 Rxf8 29.f3 Qf6
30.h5 Qe7 31.b3 Qf6 32.Kb1 Kh8 33.Qf2 Ra8 34.Rd2 Kg8 35.Ra2 Qd8 36.Kc2 Ra7
37.Rha1 Qa8 38.Qe2 Kf8 39.Qd3 Ke7 40.Bf5 Qc8 41.Bxd7 Qxd7 42.Rh1 Qc8 43.Kb1 Qd7
44.Re2 Kf8 45.Re4 Kg8 46.Qf1 Kf8 47.Qh3 Qxh3 48.Rxh3 Ke7 49.Kc2 Ra8 50.Kd3 Kf6
51.Rh1 Kf5 52.Re2 Ra7 53.Rb1 Ra8 54.b4 Bf6 55.c5 axb4 56.cxb6 cxb6 57.Rxb4 Ra5
58.Rxb6 Rxd5+ 59.Kc2 Rd4 60.a5 Ra4 61.a6 e4 62.Rb5+ d5 63.Rxd5+  1-0

[Event "14th Dubai Open 2012"]
[Site "Dubai UAE"]
[Date "2012.04.23"]
[Round "9.8"]
[White "Sokolov,Ivan"]
[Black "Gopal,G"]
[Result "1-0"]
[WhiteElo "2653"]
[BlackElo "2572"]

1.d4 d5 2.c4 c6 3.Nc3 Nf6 4.e3 g6 5.Nf3 Bg7 6.Bd3 O-O 7.O-O Bg4 8.h3 Bxf3
9.Qxf3 e6 10.Rd1 Nbd7 11.Bd2 Re8 12.Be1 Qe7 13.Qe2 a6 14.Rac1 Rac8 15.a4 h5
16.Bb1 a5 17.Bd3 Ra8 18.Qc2 Nb6 19.Ne2 dxc4 20.Bxc4 Nfd5 21.Bb3 Nb4 22.Qb1 N6d5
23.e4 Nb6 24.Nf4 Rad8 25.Bc3 Rd7 26.Ne2 Red8 27.Rf1 Kh7 28.e5 Kg8 29.Kh1 Qh4
30.Ng1 Qf4 31.Rce1 N6d5 32.Re4 Qf5 33.Bd2 g5 34.Nf3 Bh6 35.h4 g4 36.Ng5 Ne7
37.Be3 Ned5 38.Nxf7 Rxf7 39.Bxh6 Qg6 40.Bg5 Rdf8 41.Kg1 Kh7 42.Bc4 Kg7 43.Be2 Nf4
44.Bf6+ Rxf6 45.exf6+ Rxf6 46.Re5 Rf5 47.Qe4 Nbd5 48.Bc4 Nf6 49.Qe3 N6d5
50.Bxd5 cxd5 51.g3 Nh3+ 52.Kg2 Rf6 53.Qe2 Kh7 54.f3 Nf4+ 55.gxf4 Rxf4 56.Rg5 gxf3+
57.Rxf3  1-0

[Event "KNSB Bekerfinale 2012"]
[Site "Bunschoten NED"]
[Date "2012.05.17"]
[Round "2.1"]
[White "Sokolov,Ivan"]
[Black "Van Haastert,E"]
[Result "1-0"]
[WhiteElo "2680"]
[BlackElo "2440"]

1.d4 Nf6 2.c4 c5 3.d5 b5 4.Nf3 d6 5.cxb5 a6 6.e3 g6 7.Nc3 Bg7 8.a4 O-O 9.Ra3 axb5
10.Bxb5 Na6 11.O-O Nb4 12.e4 Ba6 13.Qe2 Nd7 14.Rd1 Bxb5 15.Nxb5 Nb6 16.b3 Qd7
17.Bb2 Bxb2 18.Qxb2 f5 19.e5 N6xd5 20.Raa1 Rad8 21.Rd2 dxe5 22.Qxe5 e6 23.Rad1 Rfe8
24.h4 Qg7 25.Qxg7+ Kxg7 26.Nc7 Re7 27.Ng5 Kf6 28.Ngxe6 Rxe6 29.Nxd5+ Nxd5
30.Rxd5 Rxd5 31.Rxd5 Rb6 32.Rd3 Ke5 33.g3 Rb4 34.Re3+ Kd5 35.Kg2 f4 36.Rd3+ Ke5
37.Kf3 fxg3 38.fxg3 h6 39.Ke3 h5 40.Kd2 Ke4 41.Rc3 Kd5 42.Kc2 Rg4 43.Rf3 Kd6
44.Kc3 Kc6 45.Rf6+ Kb7 46.Rf3 Kb6 47.Kb2 Ka6 48.Re3 Kb6 49.Re6+ Kb7 50.Re5 Rxg3
51.Rxc5 Rg4 52.Rc4 g5 53.Rc5 Rxh4 54.Rxg5 Rh1 55.Rg7+ Kb6 56.b4 h4 57.a5+ Kb5
58.Rb7+ Ka6 59.Rb6+ Ka7 60.Rh6 h3 61.b5 h2 62.Rh7+ Kb8 63.Rh8+ Kc7 64.a6 Kb6
65.Rh6+ Ka7 66.Rh7+  1-0

[Event "6th ENCI Limburg Open 2012"]
[Site "Limburg NED"]
[Date "2012.05.26"]
[Round "2.1"]
[White "Sokolov,Ivan"]
[Black "Wiley,To"]
[Result "1-0"]
[WhiteElo "2680"]
[BlackElo "2287"]

1.d4 d5 2.c4 dxc4 3.e3 e5 4.Bxc4 exd4 5.exd4 Nf6 6.Nf3 Bd6 7.O-O O-O 8.Bg5 h6
9.Bh4 Nc6 10.Qd3 Nb4 11.Qb3 Nc6 12.Qd3 Nb4 13.Qd2 c6 14.Nc3 Bg4 15.Kh1 Bxf3
16.gxf3 Be7 17.Rg1 Kh8 18.a3 Nbd5 19.Rxg7 Kxg7 20.Rg1+ Ng4 21.Rxg4+ Kh7 22.Nxd5 Bxh4
23.Qf4 Bg5 24.Qf5+ Kg7 25.Nf4 Qe7 26.h4  1-0

[Event "6th ENCI Limburg Open 2012"]
[Site "Limburg NED"]
[Date "2012.05.27"]
[Round "4.7"]
[White "Sokolov,Ivan"]
[Black "Van Foreest,Lucas"]
[Result "1-0"]
[WhiteElo "2680"]
[BlackElo "1960"]

1.d4 Nf6 2.c4 g6 3.Nc3 Bg7 4.Bg5 d6 5.e4 O-O 6.Qd2 Nbd7 7.Be2 c5 8.d5 a6
9.Nf3 Rb8 10.a4 Qa5 11.O-O Qb4 12.Qc2 Qa5 13.h3 Qc7 14.Ne1 b6 15.f4 Bb7 16.Nd3 Rbe8
17.Bf3 e5 18.Qd2 h6 19.Bxf6 Bxf6 20.f5 Bg7 21.Nf2 gxf5 22.exf5 Nf6 23.Nce4 Qe7
24.Nxf6+ Qxf6 25.Ne4  1-0

[Event "6th ENCI Limburg Open 2012"]
[Site "Limburg NED"]
[Date "2012.05.27"]
[Round "5.4"]
[White "Nachbar,B"]
[Black "Sokolov,Ivan"]
[Result "0-1"]
[WhiteElo "2153"]
[BlackElo "2680"]

1.h4 d5 2.c3 c5 3.d4 Nc6 4.h5 h6 5.e3 Nf6 6.dxc5 a5 7.Bb5 e5 8.Nf3 Qc7 9.b4 Be7
10.Bb2 O-O 11.a3 Bg4 12.Be2 Bxh5 13.Rxh5 Nxh5 14.Qxd5 Nf6 15.Qb3 e4 16.Nfd2 Qh2
17.g3 Ne5 18.Nf1 Qg2 19.Nbd2 Nfg4 20.c4 Qxf2+ 21.Kd1 Rfd8 22.Bd4 axb4 23.axb4 Rxa1+
24.Bxa1 Nd3  0-1

[Event "6th ENCI Limburg Open 2012"]
[Site "Limburg NED"]
[Date "2012.05.28"]
[Round "6.3"]
[White "Sokolov,Ivan"]
[Black "Vedder,H"]
[Result "1-0"]
[WhiteElo "2680"]
[BlackElo "2373"]

1.d4 d5 2.c4 e6 3.Nc3 Nf6 4.cxd5 exd5 5.Bg5 Be7 6.e3 Nbd7 7.Bd3 Nf8 8.Nge2 Ne6
9.Bh4 O-O 10.O-O c6 11.f3 Re8 12.Kh1 g6 13.Bc2 Ng7 14.Bf2 Bd6 15.e4 dxe4
16.fxe4 Ng4 17.e5 Nxf2+ 18.Rxf2 Be7 19.Ne4 Nf5 20.Qd2 Qd5 21.Raf1 Be6 22.Nf6+ Bxf6
23.exf6 Kh8 24.Bxf5 Bxf5 25.Qh6 Rg8 26.Rf4 Bd3 27.Nc3 Qa5 28.Re1 g5 29.Rf3 Rg6
30.Qh5 Qa6 31.Rfe3 Rag8 32.Qf3 g4 33.Qf4 Bc4 34.Re8 Qb6 35.Qb8  1-0

[Event "Politiken Cup 2012"]
[Site "Helsingor DEN"]
[Date "2012.07.30"]
[Round "4.4"]
[White "Sokolov,Ivan"]
[Black "Glud,J"]
[Result "1-0"]
[WhiteElo "2676"]
[BlackElo "2498"]

1.d4 d5 2.c4 e6 3.Nc3 Be7 4.cxd5 exd5 5.Bf4 Nf6 6.e3 Bf5 7.Nge2 O-O 8.Ng3 Be6
9.Bd3 c5 10.dxc5 Bxc5 11.O-O Nc6 12.Nb5 Bb6 13.Nd6 Rb8 14.Qa4 d4 15.e4 Qd7
16.Ndf5 Rbc8 17.Rac1 a6 18.Qa3 Bc7 19.Rxc6 bxc6 20.Ne7+ Kh8 21.Nxc8 Rxc8
22.Bxc7 Qxc7 23.Qc5 Rd8 24.e5 Rd5 25.Qf8+ Ng8 26.f4 Rd8 27.Qc5 Rd5 28.Qc2 Qb6
29.Ne4 Ne7 30.Nd6 g6 31.Qf2 Nf5 32.Bxf5 gxf5 33.Ne8 Qc5 34.Qh4 d3+ 35.Kh1 Qf8
36.Qf6+ Kg8 37.Rf3 Qxe8 38.Qh6 f6 39.Rg3+ Qg6 40.Rxg6+ hxg6 41.Qxg6+  1-0

[Event "Politiken Cup 2012"]
[Site "Helsingor DEN"]
[Date "2012.08.03"]
[Round "8.4"]
[White "Sokolov,Ivan"]
[Black "Danielsen,Hen"]
[Result "1-0"]
[WhiteElo "2676"]
[BlackElo "2511"]

1.d4 d6 2.c4 e5 3.Nf3 e4 4.Nfd2 f5 5.Nc3 Nf6 6.e3 g6 7.b4 Nc6 8.b5 Ne7 9.Be2 Bh6
10.a4 O-O 11.g3 Be6 12.Nb3 Bf7 13.h4 Re8 14.Ba3 Kh8 15.Qc2 Neg8 16.a5 Bf8
17.a6 b6 18.Na2 Nh6 19.Nb4 Nhg4 20.Nc6 Qd7 21.Bb2 Bg7 22.Bc3 h6 23.Qb2 Bg8
24.Qc2 Qf7 25.Bxg4 Nxg4 26.d5 Ne5 27.Nxe5 Bxe5 28.Bxe5+ Rxe5 29.Nd4 Qg7 30.Kd2 h5
31.Rae1 Bf7 32.Nc6 Ree8 33.Rhf1 Rf8 34.Nd4 Qe5 35.Qc3 Kh7 36.Re2 Kg8 37.f3 Rfe8
38.fxe4 Qxe4 39.Rf4 Qh1 40.Ref2 Qg1 41.Ne2 Qb1 42.Rf1 Qa2+ 43.Ke1 c6 44.bxc6 Qxa6
45.Nd4 Re5 46.Kf2 b5 47.Ra1 Qb6 48.Nxb5 Rae8 49.Qd4  1-0

[Event "Politiken Cup 2012"]
[Site "Helsingor DEN"]
[Date "2012.08.04"]
[Round "9.2"]
[White "Halkias,S"]
[Black "Sokolov,Ivan"]
[Result "1/2-1/2"]
[WhiteElo "2570"]
[BlackElo "2676"]

1.d4 d5 2.c4 e6 3.Nf3 Bb4+ 4.Bd2 a5 5.e3 Nf6 6.Nc3 b6 7.Be2 O-O 8.O-O Bb7
9.Rc1 Nbd7 10.Qc2 Rc8 11.cxd5 exd5 12.Rfd1 Re8 13.Nb5 Bxd2 14.Rxd2 Ne4 15.Rdd1 c5
16.dxc5 bxc5 17.Nc3 Ndf6 18.Nxe4 Rxe4 19.Nd2 Rb4 20.Bf3 Qb6 21.b3 Qa6 22.a3 Rb6
23.e4 dxe4  1/2-1/2

[Event "Politiken Cup 2012"]
[Site "Helsingor DEN"]
[Date "2012.08.05"]
[Round "10.3"]
[White "Sokolov,Ivan"]
[Black "Carlstedt,J"]
[Result "1-0"]
[WhiteElo "2676"]
[BlackElo "2352"]

1.d4 d5 2.c4 e6 3.Nf3 g6 4.Nc3 Bg7 5.Bg5 f6 6.Bf4 a6 7.e3 Ne7 8.h4 h5 9.Qc2 Nbc6
10.Rd1 O-O 11.Bh2 b6 12.cxd5 Nb4 13.Qc1 Nbxd5 14.Nxd5 Qxd5 15.Qxc7 Qa5+ 16.Qc3 Qxa2
17.Bc4 Qa4 18.e4 Kh8 19.O-O Qd7 20.Rfe1 Re8 21.Ba2 b5 22.b4 Bb7 23.Qb3 Nc8
24.Qb1 Nb6 25.Bf4 Rac8 26.Rc1 Na4 27.Bd2 Rxc1 28.Rxc1 f5 29.Ng5 Bxd4 30.Rd1 Qc6
31.Qb3 Qc4 32.Be3 Bxe3 33.Qxe3 Qxb4 34.Nxe6  1-0

[Event "21st TCh-CRO 1a 2012"]
[Site "Sibenik CRO"]
[Date "2012.09.23"]
[Round "1.3"]
[White "Sokolov,Ivan"]
[Black "Rezan,S"]
[Result "1-0"]
[WhiteElo "2699"]
[BlackElo "2438"]

1.d4 d5 2.c4 e6 3.Nc3 Be7 4.cxd5 exd5 5.Bf4 c6 6.Qc2 Bd6 7.Bg3 Ne7 8.e3 Nf5
9.Bd3 Nxg3 10.hxg3 Nd7 11.Nge2 Nf6 12.O-O-O h6 13.Kb1 O-O 14.f3 Re8 15.Qc1 Bf8
16.Nf4 a5 17.g4 a4 18.Rh2 Bd6 19.g3 a3 20.b3 Nh7 21.Nh5 Ng5 22.Rf1 Qe7 23.e4 dxe4
24.Nxe4 Bb4 25.Nhf6+ gxf6 26.Rxh6 Kg7 27.Rfh1 Bf5 28.gxf5 Rh8 29.Nxg5 Rxh6
30.Ne6+  1-0

[Event "21st TCh-CRO 1a 2012"]
[Site "Sibenik CRO"]
[Date "2012.09.24"]
[Round "2.32"]
[White "Postny,E"]
[Black "Sokolov,Ivan"]
[Result "0-1"]
[WhiteElo "2637"]
[BlackElo "2699"]

1.d4 d5 2.c4 e6 3.Nf3 Nf6 4.g3 dxc4 5.Bg2 c5 6.O-O cxd4 7.Nxd4 Bc5 8.Qa4+ Qd7
9.Nb5 O-O 10.Qxc4 Qe7 11.b4 Bb6 12.a4 Bd7 13.a5 a6 14.N5c3 Ba7 15.Bxb7 Bb5
16.Nxb5 Qxb7 17.Nxa7 Rxa7 18.Be3 Ra8 19.Rc1 Nbd7 20.Nc3 Rfc8 21.Qb3 Ng4 22.Bd2 h5
23.b5 Nc5 24.Qb4 axb5 25.h3 Ne5 26.Be3 Ncd3 27.exd3 Nxd3 28.Qd4 Nxc1 29.Bxc1 Rc4
30.Qd3 Qc7 31.Bb2 Rxa5 32.Rd1 b4 33.Ne2 Rd5 34.Qb3 Rxd1+ 35.Qxd1 Rc2 36.Bd4 Qc4  0-1

[Event "21st TCh-CRO 1a 2012"]
[Site "Sibenik CRO"]
[Date "2012.09.26"]
[Round "4.22"]
[White "Filippov,An UZB"]
[Black "Sokolov,Ivan"]
[Result "1/2-1/2"]
[WhiteElo "2617"]
[BlackElo "2699"]

1.e4 e5 2.Nf3 Nc6 3.Nc3 Nf6 4.d4 exd4 5.Nxd4 Bb4 6.Nxc6 bxc6 7.Bd3 O-O 8.O-O d5
9.exd5 cxd5 10.h3 Be6 11.Qf3 Be7 12.Ne2 c5 13.c3 Rb8 14.b3 Rb6 15.Ng3 g6
16.Bg5  1/2-1/2

[Event "21st TCh-CRO 1a 2012"]
[Site "Sibenik CRO"]
[Date "2012.09.27"]
[Round "5.52"]
[White "Sokolov,Ivan"]
[Black "Lalic,B"]
[Result "1/2-1/2"]
[WhiteElo "2699"]
[BlackElo "2475"]

1.d4 Nf6 2.c4 g6 3.Nc3 d5 4.cxd5 Nxd5 5.e3 Bg7 6.Bc4 Nxc3 7.bxc3 O-O 8.Nf3 c5
9.O-O Qc7 10.Qe2 Nc6 11.Ba3 Na5 12.Bd3 b6 13.Rac1 Rd8 14.e4 Bg4 15.h3 Bxf3
16.Qxf3 Qd7 17.d5  1/2-1/2

[Event "21st TCh-CRO 1a 2012"]
[Site "Sibenik CRO"]
[Date "2012.09.28"]
[Round "6.12"]
[White "Sokolov,Ivan"]
[Black "Saric,Iv"]
[Result "1/2-1/2"]
[WhiteElo "2699"]
[BlackElo "2637"]

1.d4 Nf6 2.c4 g6 3.Nc3 Bg7 4.Bg5 c5 5.e3 O-O 6.Nf3 cxd4 7.exd4 d5 8.Bxf6 Bxf6
9.cxd5 Bg4 10.Bc4 Nd7 11.Qd2 a6 12.Ng5 e5 13.Nce4 exd4 14.Nxf6+ Nxf6 15.O-O h6
16.f3 hxg5 17.fxg4 Nxd5 18.Qxd4 Nf4 19.Qxd8 Raxd8 20.Rfd1 Kg7 21.g3 Ne6 22.Bd5 Rd6
23.Bxb7 Rb6 24.Bd5 Rxb2 25.Rab1 Rfb8  1/2-1/2

[Event "21st TCh-CRO 1a 2012"]
[Site "Sibenik CRO"]
[Date "2012.09.29"]
[Round "7.52"]
[White "Kadric,D"]
[Black "Sokolov,Ivan"]
[Result "0-1"]
[WhiteElo "2423"]
[BlackElo "2699"]

1.e4 e5 2.Nf3 Nc6 3.Nc3 Nf6 4.Bb5 Bd6 5.d3 a6 6.Bxc6 dxc6 7.Bg5 h6 8.Bh4 Qe7
9.h3 g5 10.Bg3 Nh5 11.Qd2 Nxg3 12.fxg3 Be6 13.O-O-O O-O-O 14.g4 f6 15.Kb1 Bb4
16.Ng1 h5 17.gxh5 Rxh5 18.Nge2 Bc5 19.Rdf1 Rh4 20.Ng3 Qf7 21.Nf5 Rf4 22.g4 Bb4
23.a3 Ba5 24.Qe3 Bxf5 25.gxf5 Bb6 26.Qg3 Rh8 27.Ne2 Rfh4 28.Qg2 Qh7 29.Ng3 Rxh3
30.Qf3 Qg8 31.Qg4 R3h4 32.Qf3 g4 33.Qg2 Rh3 34.Rxh3 gxh3 35.Qf3 h2 36.Nh1 Qg1
37.Ka2 Kb8 38.Kb3 Qg8+ 39.c4 Qg1 40.Kc2 Bd4  0-1

[Event "21st TCh-CRO 1a 2012"]
[Site "Sibenik CRO"]
[Date "2012.10.01"]
[Round "9.42"]
[White "Ruck,R1"]
[Black "Sokolov,Ivan"]
[Result "1/2-1/2"]
[WhiteElo "2567"]
[BlackElo "2699"]

1.Nf3 d5 2.d4 Nf6 3.c4 e6 4.Nc3 Nbd7 5.Bg5 h6 6.Bh4 dxc4 7.e3 Nb6 8.Bxc4 Nxc4
9.Qa4+ Bd7 10.Qxc4 Be7 11.O-O O-O  1/2-1/2

[Event "Casino Barcelona Masters"]
[Site "Barcelona ESP"]
[Date "2012.10.28"]
[Round "6.5"]
[White "Sokolov,Ivan"]
[Black "Fluvia Poyatos,Joa"]
[Result "0-1"]
[WhiteElo "2690"]
[BlackElo "2490"]

1.d4 Nf6 2.c4 e6 3.Nc3 Bb4 4.e3 O-O 5.Bd3 d5 6.cxd5 exd5 7.Ne2 Re8 8.Bd2 Bd6
9.Rc1 c6 10.f3 a5 11.O-O Na6 12.Qe1 Nc7 13.Kh1 Ne6 14.Qf2 c5 15.Nb5 Bf8 16.dxc5 Nxc5
17.Bc2 b6 18.Bc3 Ba6 19.a4 Ncd7 20.Ned4 Ne5 21.Rfe1 Rc8 22.Rcd1 Rc5 23.h3 Qb8
24.Nf5 g6 25.Qh4 Qd8 26.Nh6+ Bxh6 27.Qxh6 Bxb5 28.axb5 Nh5 29.Rd4 f5 30.e4 f4
31.Rxd5 Rxd5 32.Bb3 Nf7 33.Bxd5 Qxd5 34.exd5 Rxe1+ 35.Bxe1 Nxh6 36.Bf2 Nf5
37.Bxb6 Nd6 38.Bxa5 Nxb5 39.h4 Kf7 40.Kh2 Kf6 41.Kh3 Kf5 42.Bb4 Nf6 43.d6 h5
44.g3 Ke6 45.gxf4 Nxd6  0-1

[Event "Remco Heite Inv"]
[Site "Wolvega NED"]
[Date "2012.11.17"]
[Round "2.3"]
[White "Sokolov,Ivan"]
[Black "Van Wely,L"]
[Result "1/2-1/2"]
[WhiteElo "2677"]
[BlackElo "2691"]

1.d4 d5 2.c4 e6 3.Nf3 Nf6 4.Bg5 h6 5.Bxf6 Qxf6 6.g3 Bb4+ 7.Nc3 O-O 8.Bg2 dxc4
9.O-O Nc6 10.e3 Rb8 11.Nd2 Na5 12.Qc2 Qe7 13.a3 Bxc3 14.Qxc3 b6 15.Nxc4 Nxc4
16.Qxc4 c5 17.Rac1 cxd4 18.Qxd4 Bb7 19.Bxb7 Qxb7 20.Rfd1 Rbc8 21.h4  1/2-1/2

[Event "Remco Heite Inv"]
[Site "Wolvega NED"]
[Date "2012.11.18"]
[Round "4.3"]
[White "Ernst,S"]
[Black "Sokolov,Ivan"]
[Result "1/2-1/2"]
[WhiteElo "2552"]
[BlackElo "2677"]

1.d4 d5 2.c4 e6 3.Nf3 Nf6 4.g3 Bb4+ 5.Nc3 dxc4 6.Bg2 Nc6 7.O-O O-O 8.a3 Bd6
9.e4 e5 10.dxe5 Nxe5 11.Nxe5 Bxe5 12.f4 Bd4+ 13.Kh1 Bxc3 14.bxc3 Bg4 15.Qe1 Re8
16.e5 c6 17.Be3 Nd5 18.Bd4 Qd7 19.Rf2 Bf5 20.Qe2 Bd3 21.Qh5 Rad8 22.Bh3 Qc7
23.e6 fxe6 24.Re1 Qf7 25.Qg5 h6 26.Qxd8 Rxd8 27.Bxe6 b6 28.Bxf7+ Kxf7 29.Kg2 c5
30.Be5 Bf5 31.h3 h5 32.Kh2 b5 33.Rd2 Bd3 34.Rb2 a6 35.g4 h4 36.Kg2 Re8 37.Kf2 Nb6
38.Rd2 Na4 39.Re3 Re7 40.Kf3 Rd7 41.Kf2 a5 42.Re1 Rb7 43.Ra2 Nb6 44.Kf3 Nd5
45.f5 Re7 46.Raa1 b4 47.axb4 axb4 48.cxb4 cxb4 49.Ra5 Nc7 50.Rc5 b3 51.Rxc7 Rxc7
52.Bxc7 b2 53.Be5 b1=Q 54.Rxb1 Bxb1 55.Kf4 g6 56.f6 Bd3 57.Kg5 Bf1 58.Kxh4 Bg2
59.Bc3 Bf1 60.Kg3 Ke6 61.h4 Be2 62.Kf4 Kf7 63.Kg5 Bd1 64.Bb2 Be2 65.Ba1 Bd1
66.h5 gxh5 67.Kxh5 Bc2  1/2-1/2

[Event "Remco Heite Inv"]
[Site "Wolvega NED"]
[Date "2012.11.18"]
[Round "5.1"]
[White "Sokolov,Ivan"]
[Black "Sadler,M"]
[Result "1-0"]
[WhiteElo "2677"]
[BlackElo "2637"]

1.d4 d6 2.Bg5 Nf6 3.Bxf6 exf6 4.g3 f5 5.Bg2 Nd7 6.c4 Be7 7.Nc3 c6 8.e3 O-O
9.Nge2 Nb6 10.b3 a5 11.O-O Bd7 12.Qc2 Re8 13.Nf4 Qc7 14.Rac1 Rac8 15.Nce2 Ra8
16.Rfd1 Bf8 17.c5 dxc5 18.dxc5 Nc8 19.Qd3 Rd8 20.Rc4 b6 21.Nd4 Na7 22.cxb6 Qxb6
23.Qc2 g6 24.Nxc6 Bxc6 25.Rxd8 Rxd8 26.Bxc6 Nxc6 27.Rxc6 Qb4 28.Rc3 Qb7 29.Rd3 Rc8
30.Qd1 Qc6 31.Rd5 Qb6 32.h4 h5 33.Ne2 Qc7 34.Nd4 Bb4 35.Kg2 Qb7 36.Qf3 Qe7
37.Rb5 Bc3 38.Nc6 Qe8 39.Rc5 Bf6 40.Rc4 Ra8 41.e4  1-0

[Event "TCh-BEL 2012-13"]
[Site "Belgium BEL"]
[Date "2013.02.03"]
[Round "8.1"]
[White "Sokolov,Ivan"]
[Black "Houriez,C"]
[Result "1-0"]
[WhiteElo "2699"]
[BlackElo "2292"]

1.d4 Nf6 2.c4 e6 3.Nc3 Bb4 4.e3 O-O 5.Ne2 d5 6.a3 Bd6 7.Ng3 b6 8.cxd5 exd5
9.Bd3 Re8 10.b4 Bb7 11.O-O a6 12.Qb3 Nbd7 13.Nf5 Bf8 14.a4 Ra7 15.b5 g6 16.Ng3 axb5
17.Nxb5 Ra8 18.Bb2 c6 19.Nc3 Ba6 20.Bxa6 Rxa6 21.Rfe1 h5 22.h3 Bg7 23.Rad1 Qa8
24.Nge2 Ne4 25.Nxe4 Rxe4 26.Nc3 Re8 27.e4 Ra5 28.exd5 Rxe1+ 29.Rxe1 cxd5
30.Nb5 Bf8 31.Ra1 Qb7 32.Rc1 Nf6 33.Ba3 Qd7 34.Bxf8 Kxf8 35.Rc7 Qd8 36.Qc2 Kg7
37.Rb7 Ne4 38.Nc7 Qd7 39.Rb8 Qxa4 40.Ne8+ Kh7 41.Qc7 Ra7 42.Qe5 f5 43.Nc7  1-0

[Event "15th Dubai Open 2013"]
[Site "Dubai UAE"]
[Date "2013.04.10"]
[Round "4.18"]
[White "Sokolov,Ivan"]
[Black "Visweswaran,K"]
[Result "1-0"]
[WhiteElo "2643"]
[BlackElo "2159"]

1.d4 d5 2.c4 e6 3.Nc3 c6 4.g3 f5 5.Bg2 Nf6 6.Bf4 Bd6 7.Qc1 O-O 8.Nf3 Ne4
9.O-O b6 10.Ne5 Bb7 11.Rd1 Qe7 12.Nd3 Na6 13.b3 Ba3 14.Qc2 Rac8 15.e3 Nb4
16.Nxb4 Bxb4 17.Ne2 c5 18.a3 Ba5 19.dxc5 bxc5 20.Be5 Rfd8 21.Nf4 d4 22.exd4 cxd4
23.Nd3 Bc3 24.Ra2 Ng5 25.f4 Nf3+ 26.Kh1 Be4 27.Qe2 Qb7 28.b4 Rxc4 29.Rf1 Nxe5
30.fxe5 Rcc8 31.Qd1 Qd5 32.Re2 a5 33.Rxe4 fxe4 34.Rf4 Qa2 35.Bxe4 Qa1 36.Qxa1 Bxa1
37.bxa5 Rc3 38.a4 Ra3 39.a6 Rxa4 40.Nc5 Ra2 41.Nxe6 Rc8 42.Nc7 g5 43.Bd5+ Kh8
44.Bxa2 Rxc7 45.Rf8+ Kg7 46.Rf7+ Rxf7 47.Bxf7  1-0

[Event "15th Dubai Open 2013"]
[Site "Dubai UAE"]
[Date "2013.04.11"]
[Round "5.11"]
[White "Vishnu,P"]
[Black "Sokolov,Ivan"]
[Result "1/2-1/2"]
[WhiteElo "2470"]
[BlackElo "2643"]

1.e4 e5 2.Nf3 Nc6 3.d4 exd4 4.Nxd4 Bc5 5.Nb3 Bb4+ 6.Nc3 Nf6 7.Bd3 d5 8.O-O dxe4
9.Nxe4 O-O 10.Bf4 Re8 11.a3 Nxe4 12.axb4 Qf6 13.Qf3 Ng5 14.Qg3 Ne6 15.Bd2 Bd7
16.Rfe1 Ne7 17.Bc3 Qf4 18.Nc5 Qxg3 19.hxg3 Nxc5 20.bxc5 a6 21.Be5 Rac8 22.Rad1 Nc6
23.Bc3 Rxe1+ 24.Rxe1 f6 25.f3 Be8 26.Be4 Rd8 27.Kf2 h6 28.Re2 Kf8 29.Bxc6 Bxc6
30.Rd2 Rxd2+ 31.Bxd2  1/2-1/2

[Event "15th Dubai Open 2013"]
[Site "Dubai UAE"]
[Date "2013.04.13"]
[Round "6.15"]
[White "Sokolov,Ivan"]
[Black "Pantsulaia,L"]
[Result "1-0"]
[WhiteElo "2643"]
[BlackElo "2556"]

1.d4 Nf6 2.c4 c5 3.d5 e6 4.Nc3 exd5 5.cxd5 d6 6.e4 g6 7.f4 Bg7 8.Bb5+ Nfd7
9.Nf3 a6 10.Bd3 b5 11.O-O O-O 12.Qe1 Re8 13.a3 b4 14.axb4 cxb4 15.Na4 a5
16.f5 Ba6 17.Bg5 f6 18.Bxa6 Nxa6 19.Be3 Rxe4 20.Nd2 Re8 21.Qg3 Rc8 22.Qxd6 Nc7
23.Nc4 Nb5 24.Qa6 Rxc4 25.Qxb5 Rce4 26.Bf4 gxf5 27.d6 Rd4 28.Rad1 Ree4 29.Rxd4 Rxd4
30.Nc5 Qb6 31.Qxd7 Qxc5 32.Qe6+ Kf8 33.Be3 Qd5 34.Qc8+ Kf7 35.Qc7+ Kg6 36.Bxd4 Qxd4+
37.Kh1 Bf8 38.d7 Be7 39.Qc8  1-0

[Event "15th Dubai Open 2013"]
[Site "Dubai UAE"]
[Date "2013.04.13"]
[Round "7.9"]
[White "Oleksienko,M"]
[Black "Sokolov,Ivan"]
[Result "1/2-1/2"]
[WhiteElo "2554"]
[BlackElo "2643"]

1.e4 e5 2.Nf3 Nc6 3.d4 exd4 4.Nxd4 Bc5 5.Nxc6 Qf6 6.Qf3 bxc6 7.Be2 Qxf3 8.Bxf3 Ne7
9.O-O d6 10.Nc3 O-O 11.b3 Bd4 12.Bb2 f6 13.Rad1 Be5 14.h4 Ba6 15.Rfe1 c5
16.Ba1 Rab8 17.Be2 Bxe2 18.Rxe2 f5 19.exf5 Nxf5 20.Nd5 Bxa1 21.Rxa1 Nd4 22.Rd2 Rbe8
23.Nxc7 Ne2+ 24.Kf1 Ng3+ 25.Kg1 Ne2+ 26.Kf1 Ng3+ 27.Kg1 Ne2+  1/2-1/2

[Event "15th Dubai Open 2013"]
[Site "Dubai UAE"]
[Date "2013.04.14"]
[Round "8.9"]
[White "Sokolov,Ivan"]
[Black "Shoker,S"]
[Result "1-0"]
[WhiteElo "2643"]
[BlackElo "2480"]

1.d4 Nf6 2.c4 c5 3.d5 b5 4.cxb5 a6 5.bxa6 g6 6.Nc3 Bxa6 7.e4 Bxf1 8.Kxf1 d6
9.Nf3 Bg7 10.g3 O-O 11.Kg2 Nbd7 12.a4 Nb6 13.Qe2 Qc8 14.Ra3 Qa6 15.Nb5 Ne8
16.Re1 Qb7 17.b3 h6 18.Nd2 f5 19.Nc4 Nd7 20.exf5 Qxd5+ 21.Qe4 Qxe4+ 22.Rxe4 Bf6
23.Ne3 Ne5 24.Bb2 g5 25.Nd5 Rf7 26.a5 Nc6 27.Bxf6 Nxf6 28.Nxf6+ Rxf6 29.a6 d5
30.Re6 d4 31.Rxf6 exf6 32.a7 d3 33.Kf1 Kf7 34.Ke1 Ke7 35.Kd2 c4 36.bxc4 Ne5
37.Ra4 Kd7 38.f4 gxf4 39.gxf4 Nf3+ 40.Kxd3 Nxh2 41.Ra6 Ng4 42.c5 h5 43.c6+ Kc8
44.Rb6 h4 45.Rb7  1-0